| 000 | 00632 a2200169 4500 | ||
|---|---|---|---|
| 020 | _a8185063907 (paperback) | ||
| 020 | _a9788185063904 (paperback) | ||
| 090 |
_c5069 _d5069 |
||
| 100 | 1 | _aHixon, Lex. | |
| 245 | 1 | 0 |
_aHeart of the koran - meditations and illuminations from the scriptures of islam / _cLex Hixon. |
| 250 | _aNew Ed ed. | ||
| 260 |
_a[S.l.] : _bGoodword books, _c1998. |
||
| 300 |
_a268 p. ; _c22 cm. |
||
| 520 | _aModern meditation on Islam's Koran in free English prose. Companion video. | ||
| 856 | 4 | 0 |
_3Amazon.com _uhttp://www.amazon.com/exec/obidos/ASIN/8185063907/chopaconline-20 |
| 942 |
_aNBS _cBK _k297.4 HIX |
||
| 999 |
_c347492 _d347492 |
||